Reserva ambiental el santuario, un milagro de la naturaleza (Registro nro. 19714)

Detalles MARC
000 -CABECERA
Campo de control 00577ngi a22002177a 4500
005 - FECHA Y HORA DE LA ULTIMA TRANSACCION
Campo de control 20191224042330.0
008 - ELEMENTOS DE LONGITUD FIJA—INFORMACION GENERAL
Campo de control 170802b xxu||||| |||| 00| vlspa d
040 ## - FUENTE DE CATALOGACIÓN
Agencia catalogadora original CO-BoIAVH
Agencia transcriptora CO-BoIAVH
041 ## - IDIOMA
Código de idioma para texto/pista de sonido o título separado Español
090 ## - CLASIFICACIÓN LOCAL
Colección AV
Consecutivo 00409
100 ## - ASIENTO PRINCIPAL--NOMBRE PERSONAL
Nombre personal Vanegas, ricardo
245 1# - MENCION DE TITULO
Título Reserva ambiental el santuario, un milagro de la naturaleza
257 ## - PAIS DE LA ENTIDAD PRODUCTORA DE FILMES DE ARCHIVO
País de la entidad productora Colombia
264 ## - Producción, Publicación, Distribución, Fabricación y Aviso de copyright
Lugar de producción, publicación, etc Bogotá
Nombre del productor, editor, etc. s. i
Fecha de la producción, publicación, etc. 2007
300 ## - DESCRIPCION FISICA
Extensión 10 minutos
346 ## - Características de video
Formato de vídeo DVD
650 14 - ASIENTO SECUNDARIO DE MATERIA - TERMINO TEMATICO
Término temático o nombre geográfico como elemento de entrada Recurso Hidrico
650 14 - ASIENTO SECUNDARIO DE MATERIA - TERMINO TEMATICO
Término temático o nombre geográfico como elemento de entrada Palma de cera
650 14 - ASIENTO SECUNDARIO DE MATERIA - TERMINO TEMATICO
Término temático o nombre geográfico como elemento de entrada Comunidades
942 ## - ELEMENTOS ADICIONALES (KOHA)
Sistema de clasificación Local
Tipo de ítem DVD
Existencias
Withdrawn status Lost status Sistema de Clasificación Damaged status No para préstamo Colección Ubicación Permanente Ubicación actual Fecha de adquisición Total Checkouts Número topográfico Inventario / Código de Barras Date last seen Ejemplar Price effective from Forma de adquisición Tipo de material
    Local     Audiovisual Bogotá Bogotá 02/08/2017   AV-00409 042613 02/08/2017 Ej. 1 02/08/2017 Donación DVD